000 00485nam a2200181 a 4500
001 1777026775796
003 YourLibrary
005 20260424160639.0
008 260424s2002##################000#0#eng##
020 _a9780754621836
082 0 4 _a345.0772
_bTAT
100 1 _aTata, Cyrus,
_eauthor.
245 1 0 _aSentencing and Society :
260 _bRoutledge,
_c2002.
650 0 _aCriminal justice, Administration of.
942 _cENGLISH
040 _aYourLibrary
_beng
_cYourLibrary
999 _c619809
_d619809